00465nam a2200157Ia 4500001000500000003000500005005001700010008004100027010001100068040000900079100007500088245008100163260003500244300000900279650001900288Z_45CHAP20220920194300.0220113s1989 xx 000 0 und d a163011 cCHAP aGroupement National Interprofessionnel des Semences et Plants. París aLa graminée fourragére perenne et tres productive: le brome /cpar GNIS aParis :bLe Groupement,c1989 a8 p. aLolium perenne